书目信息 |
| 题名: |
现代人口伦理研究
|
|
| 作者: | 王翠绒 , 邹会聪 著 | |
| 分册: | ||
| 出版信息: | 长沙 湖南师范大学出版社 2015.12 |
|
| 页数: | 175页 | |
| 开本: | 24cm | |
| 丛书名: | ||
| 单 册: | ||
| 中图分类: | C92-05 | |
| 科图分类: | ||
| 主题词: | 人口学--伦理学--研究 | |
| 电子资源: | ||
| ISBN: | 978-7-5648-2182-1 | |
| 000 | 00973nam0 2200265 450 | |
| 001 | 0120151654117 | |
| 005 | 20160614145850.87 | |
| 010 | @a978-7-5648-2182-1@dCNY30.00 | |
| 100 | @a20151222d2015 em y0chiy50 ea | |
| 101 | 0 | @achi |
| 102 | @aCN@b430000 | |
| 105 | @ay z 000yy | |
| 106 | @ar | |
| 200 | 1 | @a现代人口伦理研究@9xian dai ren kou lun li yan jiu@f王翠绒,邹会聪著 |
| 210 | @a长沙@c湖南师范大学出版社@d2015.12 | |
| 215 | @a175页@d24cm | |
| 300 | @a湖南师范大学政治学省级重点学科资助 | |
| 330 | @a本书分为:导论;现代人口生育伦理;现代人口养育伦理;现代人口健康伦理;现代人口养老伦理;现代人口死亡伦理;现代人口迁流伦理;现代人口政策伦理八章。主要内容包括:现代人口伦理的时代呼唤;现代人口伦理的理论渊源等。 | |
| 333 | @a人口伦理研究人员 | |
| 606 | 0 | @a人口学@x伦理学@x研究 |
| 690 | @aC92-05@v5 | |
| 701 | 0 | @a王翠绒@9wang cui rong@4著 |
| 701 | 0 | @a邹会聪@9zou hui cong@4著 |
| 801 | 0 | @aCN@b人天书店@c20151222 |
| 905 | @b879604-09@dC92-05@e83@f6 | |
| 现代人口伦理研究/王翠绒,邹会聪著.-长沙:湖南师范大学出版社,2015.12 |
| 175页;24cm |
| 湖南师范大学政治学省级重点学科资助.-使用对象:人口伦理研究人员 |
| ISBN 978-7-5648-2182-1:CNY30.00 |
| 本书分为:导论;现代人口生育伦理;现代人口养育伦理;现代人口健康伦理;现代人口养老伦理;现代人口死亡伦理;现代人口迁流伦理;现代人口政策伦理八章。主要内容包括:现代人口伦理的时代呼唤;现代人口伦理的理论渊源等。 |
| ● |
| 相关链接 |
|
|
|
|
正题名:现代人口伦理研究
索取号:C92-05/83
 
预约/预借
| 序号 | 登录号 | 条形码 | 馆藏地/架位号 | 状态 | 备注 |
| 1 | 879604 | 208796043 | 第一样本阅览室/ [索取号:C92-05/83] | 在馆 | |
| 2 | 879605 | 208796052 | 教育系资料室/ [索取号:C92-05/83] | 在馆 | |
| 3 | 879606 | 208796061 | 教育系资料室/ [索取号:C92-05/83] | 在馆 | |
| 4 | 879607 | 208796070 | 教育系资料室/ [索取号:C92-05/83] | 在馆 | |
| 5 | 879608 | 208796089 | 第一借阅区/ [索取号:C92-05/83] | 在馆 | |
| 6 | 879609 | 208796098 | 第一借阅区/ [索取号:C92-05/83] | 在馆 |